LEADER 00688nam a2200205 i 4500 001 000000246361 003 CaOOAMICUS 005 20151106000000.0 008 151106s1863 it u000 u ita u 013 $a225266 040 $aSeMil$bita 245 10$aVol. 2. 300 $a519 p. 500 $aFondo Bidoglio. 773 0 $aHamon, André-Jean-Marie$tVita di san Francesco di Sales vescovo e principe di Ginevra.$dTorino : Pietro di G. Marietti, 1863.$g2$w()32783 850 $aSeMil 852 $aSeMil$W1$xVenegono$y1$m3G III 86 FA$j196707$B196707$CSeMilBibl$Z2$F207646 $8I 941 1 $a2 961 $aLascito: Bidoglio don Maurizio 996 $6245$aVol. 2$9(OLS)http://semarc/title/13458 LEADER 00727nam a2200205 i 4500 001 000000103135 003 CaOOAMICUS 005 20260408095039.0 008 010917s1998 it u000 u ita u 020 $a88-02-05372-3 040 $aSeMil$bita 245 10$a19: Sil-Sque. 300 $a1101 p. 773 0 $aBattaglia, Salvatore <1904-1971>$tGrande dizionario della lingua italiana.$dTorino : UTET, 1961-2009.$g19$w()6614 850 $aSeMil 852 $aSeMil$W1$xVenegono$y1$mSL1.A V 19$j269848$B59596$CSeMilBibl$Z2$F44077 $8I 961 $aSottoscrizione: UTET (Agente) 996 $6020$a88-02-05372-3$9(OLS)http://semarc/number/82884 996 $6245$a19: Sil-Sque$9(OLS)http://semarc/title/149888